000 00805nam a22002897a 4500
001 BR0704752
003 BR-BrBNA
005 20230928102533.0
007 ta
008 230509b bl.||||| |||| 00| 0 por d
040 _aBR-BrBNA
_bpor
_cBiblioteca Nacional de Agricultura
041 _a(Por)
072 _aF01; E70
_b2120
_b2760
090 _ 2120 BR0704752
100 1 _aFerrão, V.A.A.
245 1 _aPrograma para o fomento da agricultura baiana; cultura do café na Bahia; cultura do fumo na Bahia
260 3 _a[np]:
_c1931.
300 _a104 p.
500 _aDocumento microfilmado e tratado BR6001619
650 _aCAFÉ
650 _aFUMO
650 _aPRODUÇÃO VEGETAL
650 _aCOMERCIALIZAÇÃO
650 _aBAHIA
909 _a202309
_bLucia
_c55
_dLucia Elande
942 _cBK
999 _c71273
_d71273